Normal view
MARC view
Entry Personal Name
001 - CONTROL NUMBER
- control field: 66728
003 - CONTROL NUMBER IDENTIFIER
- control field: dpl
005 - DATE AND TIME OF LATEST TRANSACTION
- control field: 20240522120826.0
008 - FIXED-LENGTH DATA ELEMENTS
- fixed length control field: 240522|| aca||aabn | a|a d
040 ## - CATALOGING SOURCE
- Original cataloging agency: dpl
- Transcribing agency: dpl
100 ## - HEADING--PERSONAL NAME
- Personal name: Colerbrooke H. T
670 ## - SOURCE DATA FOUND
- Source citation: Work cat.: (dpl)203154: Colebrooke H. T. 66727, Religion and Philosophy of the Hindus/, 2022
